Fondy obchodovateľné na burze (ETF) ako investičný inštrument na medzinárodných finančných trhoch bakalárska práca

Guardado en:
Detalles Bibliográficos
Autor principal: Kaučík, Samuel
Autor Corporativo: Obchodná fakulta EU. Katedra medzinárodného obchodu
Otros Autores: Grachová, Dagmar, 1997-
Formato: Libro
Lenguaje:eslovaco
Publicado: Bratislava 2024
Etiquetas: Agregar Etiqueta
Sin Etiquetas, Sea el primero en etiquetar este registro!

MARC

LEADER 00000nbm a2200000 4500
001 0302384
005 20250801153259.1
041 0 |a slo 
044 |a SK 
245 1 0 |a Fondy obchodovateľné na burze (ETF) ako investičný inštrument na medzinárodných finančných trhoch  |b bakalárska práca  |c Samuel Kaučík ; školiteľ: Dagmar Grachová 
264 1 |a Bratislava  |c 2024 
300 |a 53 s. 
100 1 |a Kaučík, Samuel 
700 1 |a Grachová, Dagmar, 1997- 
710 2 |a Obchodná fakulta EU. Katedra medzinárodného obchodu